| 000 | 00493nam a2200193 a 4500 | ||
|---|---|---|---|
| 001 | 1766 | ||
| 005 | 20140414131924.0 | ||
| 008 | 010130s19uu xx 00 eng d | ||
| 020 | _a4-915249-82-4 | ||
| 050 |
_aER _bT42 1991 |
||
| 100 | _aHirata, Shogo | ||
| 245 |
_aThumbelina / _cShogo Hirata. |
||
| 260 |
_aTokyo : _bJoie, _c1991. |
||
| 300 | _a25 p. ; cm. | ||
| 440 | _aIllustrated fantasy books for children, 14 | ||
| 650 | _aFairy tales. | ||
| 650 | _aFolk tales. | ||
| 999 |
_c111912 _d111912 |
||